| 000 | 02420nam0a2200421 4500 | ||
|---|---|---|---|
| 001 | RU\NLR\bibl\1473893 | ||
| 005 | 20260408190733.0 | ||
| 010 |
_a978-5-87865-494-4 _990 |
||
| 021 |
_aRU _b2009-104327 _96641 |
||
| 035 | _a(nilc)DITM\BIBL\0000004551 | ||
| 035 | _a(NLR Aleph) 001465568 | ||
| 090 |
_a1610789 _c1610789 |
||
| 100 | _a20100128d2009 |||y0rusy50 ca | ||
| 101 | 0 | _arus | |
| 102 | _aRU | ||
| 105 | _ay z ||||| | ||
| 200 | 1 |
_aРоссия в годы революций и Гражданской войны _eисторико-правовой аспект _eматериалы российской научно-практической конференции (4 декабря 2008 г.) _f[редкол.: Е.К. Миннибаев, д-р ист. наук, проф. (пред.) и др.] |
|
| 210 |
_aУфа _cАкадемия ВЭГУ _d2009 |
||
| 215 |
_a156, [1] с. _d20 |
||
| 300 | _aВ надзаг.: Вост. экон.-юрид. гуманит. акад. (Акад. ВЭГУ) | ||
| 320 | _aБиблиогр. в подстроч. примеч. | ||
| 606 | 1 |
_aГражданская война и военная интервенция в России _jСъезды, совещания и т.п. _z1918 - 1920 _92212606 _3RU\NLR\auth\661329092 |
|
| 606 |
_aРеволюции _jСъезды, совещания и т.п. _yРоссия _92078848 _3RU\NLR\auth\661254714 |
||
| 686 |
_aТ3(2)52я431 _vLBC/SL _2rubbk |
||
| 686 |
_aТ3(2)71я431 _vLBC/SL _2rubbk |
||
| 686 |
_aТ3(2Р-8Уф)52я431 _vLBC/SL _2rubbk |
||
| 686 |
_aТ3(2Р-7Уф)71я431 _vLBC/SL _2rubbk |
||
| 686 | _aТ3(2)52я431 | ||
| 686 | _aТ3(2)712я431 | ||
| 686 | _aХ2(2)525-5я431 | ||
| 702 | 1 |
_4340 _7ca _8rus _aМиннибаев _bЕ. К. _f1946 - _gЕвгений Кадырович _949990 _3RU\NLR\auth\7767062 |
|
| 711 | 1 | 2 |
_a"Россия в годы революций и Гражданской войны: историко-правовой аспект", российская научно-практическая конференция _eУфа _f2008 _9785022 _3RU\NLR\AUTH\8810145339 |
| 801 | 0 |
_aRU _bГПИБ России _c20100128 _grcr |
|
| 801 | 1 |
_aRU _bГПИБ России _c20100128 _2rusmarc |
|
| 801 | 2 |
_aRU _bNLR _c20100216 _grcr |
|
| 942 | _cBOOK | ||
| 980 | _aNB | ||